Представление документа в формате MARC21

Поле Инд. ПП Название Значение
Тип записи a
Библиографический уровень m
001 Контрольный номер 93b79907-c7f6-49b2-a2a8-4b2983a82213
005 Дата корректировки 20140703140722.1
008 Кодируемые данные 051003
020 c Цена, тираж 26.00
041 a Код языка текста rus
080 a Индекс УДК 004.415.53(075.8)
084 a Индекс другой классификации/Индекс ББК З973.2-018я73-1
090 x Авторский знак Ч-49
a Полочн. индекс З973.2
100 1_ a Автор Черноножкин Сергей Константинович
245 10 a Заглавие Методы тестирования
b Продолж. заглавия учеб. пособие
c Ответственность С. К. Черноножкин ; М-во образования и науки Рос. Федерации, Новосиб. гос. ун-т, Фак. информ. технологий
260 0_ a Место издания Новосибирск
b Издательство Новосибирский гос. ун-т
c Дата издания 2004
300 a Объем 165 с.
b Иллюстрации/ тип воспроизводства ил., табл.
504 a Библиография Библиогр.: с. 158-161.
583 a Действие Получение впервые 286 3.10.2005
k Исполнитель действия обмен
650 a Основная рубрика Вычислительная техника
650 a Основная рубрика Компьютеры
x Основная подрубрика Программное обеспечение
x Основная подрубрика Тестирование
x Основная подрубрика Учебники для вузов
653 a Ключевые слова Компьютеры
a Ключевые слова Программное обеспечение
a Ключевые слова Тестирование программ
852 t Порядковый номер экземпляра 1
p Инвентарный номер 819669
863 t 00110703
888 a Бесплатные
930 a Новая/Ретро учебники
952 p 286.2005 26.00 1 819669
c Вид литературы К ру
954 a Дата поступления на обработку 20051115
999 a Подразделение 2 Фил3